| 000 | 02409cam a2200553 a 4500 | ||
|---|---|---|---|
| 001 | ocm54804604 | ||
| 003 | TZ-ArACH | ||
| 005 | 20160122154015.0 | ||
| 008 | 040324s2003 sz af b 001 0 eng | ||
| 010 | _a 2007366325 | ||
| 016 | 7 |
_a101232921 _2DNLM |
|
| 020 | _a9780333747711 | ||
| 020 | _a0333747712 | ||
| 035 | _a(OCoLC)54804604 | ||
| 040 |
_aNLM _beng _cTZ-ArACH _dDLC _dNFP _dDGU _dYDXCP _dCGC _dSZ9XM _dBTCTA _dOCLCF |
||
| 041 | 1 |
_aeng _hfre |
|
| 042 | _anlmcopyc | ||
| 049 | _aTZAA | ||
| 050 | 0 | 0 |
_aHV568 _b.B85 |
| 060 | 0 | 0 | _a2004 L-917 |
| 060 | 1 | 0 |
_aHV568 _b.B85 |
| 082 | 0 | 0 |
_a362.87/577 _222 |
| 100 | 1 |
_aBugnion, François. _918091 |
|
| 240 | 1 | 0 |
_aComité international de la Croix-Rouge et la protection des victimes de la guerre. _lEnglish |
| 245 | 1 | 4 |
_aInternational Committee of the Red Cross and the protection of war victims / _cFranc̦ois Bugnion ; foreword by Cornelio Sommaruga ; translated from the French by Patricia Colberg, Edward Markee, and Nicolas Sommer. |
| 246 | 3 | 0 | _aProtection of war victims |
| 260 |
_aOxford : _bMacmillan Education, _c2003. |
||
| 300 |
_alxviii, 1161 p., [32] p. of plates : _bill. ; _c24 cm. |
||
| 504 | _aIncludes bibliographical references (p. 1071-1120) and indexes. | ||
| 610 | 2 | 2 |
_aInternational Committee of the Red Cross. _918092 |
| 610 | 2 | 0 |
_aInternational Committee of the Red Cross _xHistory. _918093 |
| 610 | 2 | 7 |
_aInternational Committee of the Red Cross. _2fast _918094 |
| 610 | 2 | 7 |
_aInternationales Komitee vom Roten Kreuz _xHumanitäre Hilfe _xKriegsopfer. _2swd _918095 |
| 650 | 1 | 2 |
_aRelief Work _xLegislation & jurisprudence _918096 |
| 650 | 1 | 2 |
_aWarfare _918097 |
| 650 | 0 |
_aWar relief _xHistory. _918098 |
|
| 650 | 0 |
_aWar victims _xLegal status, laws, etc. _918099 |
|
| 650 | 0 |
_aWar _xRelief of sick and wounded. _918100 |
|
| 650 | 0 |
_aWar _xProtection of civilians. _918101 |
|
| 650 | 7 |
_aWar _xProtection of civilians. _2fast _918102 |
|
| 650 | 7 |
_aWar relief. _2fast _918103 |
|
| 650 | 7 |
_aWar _xRelief of sick and wounded. _2fast _918104 |
|
| 650 | 7 |
_aWar victims _xLegal status, laws, etc. _2fast _918105 |
|
| 655 | 7 |
_aHistory. _2fast _918109 |
|
| 655 | 7 |
_aDonation _918110 |
|
| 710 | 2 |
_aInternational Committee of the Red Cross. _918108 |
|
| 942 |
_2lcc _cBOOK |
||
| 999 |
_c3223 _d3223 |
||